Perdido en el Amazonas /
Has ido a incorporarte a una expedición médica en la jungla amazónica, pero cuando llegas allá no hay nadie para recibirte. Tus colegas se han internado en la jaula cautivados por el irresistible hechizo de una flauta misteriosa. Ahora estás solo y únicamente las legendarias amazonas pueden ayudarte...
Guardado en:
| Autor Principal: | |
|---|---|
| Otros Autores: | |
| Formato: | Libro |
| Idioma: | Undetermined |
| Publicado: |
Buenos Aires :
Atlántida,
1994.
|
| Edición: | 4a ed. |
| Series: | Elige tu propia aventura ;
23 |
| Materias: | |
| Etiquetas: |
Agregar Etiqueta
Sin Etiquetas, Sea el primero en etiquetar este registro!
|
| LEADER | 01420nam a22002535a 4500 | ||
|---|---|---|---|
| 001 | CEM.cems021301 | ||
| 008 | 240710s1994####ag############000#0#und#d | ||
| 005 | 20240711082107.0 | ||
| 245 | 1 | 0 | |a Perdido en el Amazonas / |c R. A. Montgomery ; ilustrado por Leslie Morrill. |
| 250 | |a 4a ed. | ||
| 260 | |a Buenos Aires : |b Atlántida, |c 1994. | ||
| 300 | |a 116 p. | ||
| 490 | 1 | |a Elige tu propia aventura ; |v 23 | |
| 500 | |a Traducción: Carlos Coldaroli. | ||
| 520 | |a Has ido a incorporarte a una expedición médica en la jungla amazónica, pero cuando llegas allá no hay nadie para recibirte. Tus colegas se han internado en la jaula cautivados por el irresistible hechizo de una flauta misteriosa. Ahora estás solo y únicamente las legendarias amazonas pueden ayudarte. De pronto el sonido de la flauta te reclama. ¿Te conducirá al lugar donde están tus amigos? ¿Qué sucede después? Depende de la elección que hagas. ¿Cómo termina la aventura? Sólo tú puedes descubrirlo. Lo más interesante es que puedas leer y volver a leer para tener no una sino muchas experiencias increíbles. | ||
| 020 | |a 9500805146 | ||
| 100 | 1 | |a Montgomery, R. A. | |
| 700 | 1 | |a Morrill, Leslie; il. | |
| 653 | |a Literatura juvenil | ||
| 653 | |a Literatura estadounidense | ||
| 653 | |a Novela de aventuras | ||
| 653 | |a Novela juvenil | ||
| 653 | |a Novela estadounidense | ||
| 859 | |a CEMS |b BIB. CEMS - 11 de abril |h 813.5 |i M766 |p 29498.24 |t Ej.1 | ||
